000 00399cam a2200169ua 4500
020 _cRs.1.25
041 _amal
_h
082 _a894.8122
_bBHA/KO
100 _aBhaskera Menon, Puthezhath .
245 _aKoompedutha jeevitham
260 _aEranakulam :
_bParishath book stall ,
_c1958.
300 _a128 ; .
365 _aRs.1.25
504 _a
942 _cBK
999 _c1202
_d1202